AH International Schools' Libraries

Triple dog dare : (Record no. 48016)

MARC details
000 -LEADER
fixed length control field 00708nam a2200205 4500
020 ## - INTERNATIONAL STANDARD BOOK NUMBER
International Standard Book Number 9780781404570 (pbk.)
020 ## - INTERNATIONAL STANDARD BOOK NUMBER
International Standard Book Number 9781434703880 (eISBN)
020 ## - INTERNATIONAL STANDARD BOOK NUMBER
International Standard Book Number 0781404576 (pbk.)
100 1# - MAIN ENTRY--PERSONAL NAME
Personal name Jones, Jeremy V.,
Relator term author.
9 (RLIN) 27599
245 10 - TITLE STATEMENT
Title Triple dog dare :
Remainder of title one year of dynamic devotions for boys /
Statement of responsibility, etc Jeremy V. Jones.
250 ## - EDITION STATEMENT
Edition statement First edition
260 ## - PUBLICATION, DISTRIBUTION, ETC. (IMPRINT)
Place of publication, distribution, etc U.S.A :
Name of publisher, distributor, etc David C Cook ;
Date of publication, distribution, etc 2011.
300 ## - PHYSICAL DESCRIPTION
Extent 432 pages :
Other physical details illustrations ;
Dimensions 23 cm.
500 ## - GENERAL NOTE
General note Minimal Level Cataloging Plus.
Institution to which field applies DLC
504 ## - BIBLIOGRAPHY, ETC. NOTE
Bibliography, etc Includes bibliographical references.
521 1# - TARGET AUDIENCE NOTE
Target audience note Ages 9-12.
650 #0 - SUBJECT ADDED ENTRY--TOPICAL TERM
Topical term or geographic name as entry element Christian children
General subdivision Conduct of life.
9 (RLIN) 85815
650 ## - SUBJECT ADDED ENTRY--TOPICAL TERM
Topical term or geographic name as entry element Boys
Form subdivision Prayers and devotions.
9 (RLIN) 85816
942 ## - ADDED ENTRY ELEMENTS (KOHA)
Source of classification or shelving scheme
Koha item type Book
Holdings
Withdrawn status Lost status Source of classification or shelving scheme Damaged status Not for loan Home library Current library Date acquired Total Checkouts Full call number Barcode Date last seen Price effective from Koha item type
          Logos International School Logos International School 12/02/2024   Y 242.6 JON 040203 07/31/2025 12/02/2024 Book

For any Logos Library related questions please contact Miss Art at swongnarasuk@asianhope.org.

For any Asian Hope Library related questions please contact Miss Raza at graza@asianhope.org.

Click here to explore our ebooks!

Powered by Koha